000 00673cam a2200253 4500
008 090401t1995 xxu||||| |||| 00| 0 eng d
020 _a0851256562
035 _a(Sirsi) u39123
041 _aeng
050 _a690
110 _aBuilding Research Establishment
245 _aReplacing wall ties.
260 _aGarston, Watford
_bBuilding Research Establishment
_c1995
300 _a12p. : ill. ; 30cm.
350 _a0
490 _aBRE Digest
_v401
650 _aQUALITY ASSURANCE
650 _aREPLACEMENT WALL TIES
650 _aWALL TIES
650 _aWORKMANSHIP
690 _aBUILT ENVIRONMENT-BUILDING PATHOLOGY
942 _n0
948 _c04/03/1997
999 _c90750
_d90750